[Event "IECC KO-1043"]
[Site "IECC email"]
[Date "2004.07.06"]
[Round "?"]
[White "El Messiry, Nour"]
[Black "Venturas, Bob"]
[Result "1-0"]
[WhiteElo "1189"]
[BlackElo "954"]
[PlyCount "43"]
[EventDate "2004.??.??"]
[EventType "match (corr)"]
[EventRounds "2"]
[SourceTitle "Corr 2020"]
[Source "ChessBase"]
[SourceDate "2019.09.30"]
[SourceVersion "1"]
[SourceVersionDate "2019.09.30"]
[SourceQuality "1"]
[WhiteTeam "Egypt"]
[BlackTeam "Canada"]
[WhiteTeamCountry "EGY"]
[BlackTeamCountry "CAN"]

1. e4 e5 2. Nf3 Nc6 3. Bb5 Qf6 4. 0-0 a6 5. Ba4 b5 6. Bb3 Nge7 7. c3 h6 8. d4 exd4 9. cxd4 Bb7 10. Re1 Ng6 11. e5 Qd8 12. d5 Nce7 13. d6 Nc8 14. Be3 cxd6 15. exd6 Bxd6 16. Bb6+ Qe7 17. Bd4 Nf4 18. Rxe7+ Bxe7 19. Nc3 0-0 20. Bxg7 Re8 21. Bxh6 Bd6 22. Qd4 1-0